Monografía de la glicerina / (Record no. 163578)

MARC details
000 -LEADER
campo de control de longitud fija 00824nam a22001935i 4500
001 - NÚMERO DE CONTROL
campo de control 163578
003 - IDENTIFICADOR DE NÚMERO DE CONTROL
campo de control ES-MaACL
005 - FECHA Y HORA DE LA ÚLTIMA TRANSACCIÓN
campo de control 20230906212753.0
008 - DATOS DE LONGITUD FIJA--INFORMACIÓN GENERAL
campo de control de longitud fija 020906s1894 sp |||| | spa d
100 1# - ENTRADA PRINCIPAL--NOMBRE DE PERSONA
Nombre de persona Rivadulla y Sánchez, Ramón.
9 (RLIN) 131855
245 10 - MENCIÓN DEL TÍTULO
Título Monografía de la glicerina /
Mención de responsabilidad, etc. tesis para aspirar al grado de doctor presentada por Ramón Rivadulla y Sánchez.
260 ## - PUBLICACIÓN, DISTRIBUCIÓN, ETC.
Lugar de publicación, distribución, etc. León :
Nombre del editor, distribuidor, etc. [s.n.],
Fecha de publicación, distribución, etc. 1894 (
Fabricante imp. de los herederos de Miñón)
300 ## - DESCRIPCIÓN FÍSICA
Extensión 69 p. ;
Dimensiones 20 cm.
502 ## - NOTA DE TESIS
Nota de tesis Tesis-Univ. Central (Madrid), Facultad de Farmacia, 1894.
594 ## - Nota al título y mención de responsabilidad
Nota al título y mención de responsabilidad Precede al tít.: Facultad de Farmacia.
650 #4 - PUNTO DE ACCESO ADICIONAL DE MATERIA--TÉRMINO DE MATERIA
Término de materia o nombre geográfico como elemento de entrada Glicerina.
9 (RLIN) 171203
710 2# - ENTRADA AGREGADA--NOMBRE DE ENTIDAD CORPORATIVA
Nombre de entidad corporativa o nombre de jurisdicción como elemento de entrada Universidad Central (Madrid).
Unidad subordinada Facultad de Farmacia.
9 (RLIN) 7091
852 ## - LOCALIZACIÓN
Ubicación ES-MaACL
Número de control de estantería T-859-F-1
Nota libre - Enc. hol. conservando cub. original
-- - Enc. en un vol. facticio
Holdings
Estatus retirado Estado de pérdida Estado de daño No para préstamo Colección Biblioteca de origen Biblioteca actual Ubicación en estantería Fecha de adquisición Total de préstamos Signatura topográfica completa Código de barras Visto por última vez Precio de reemplazo Tipo de ítem Koha
        Colección de folletos Biblioteca del Ateneo de Madrid Biblioteca del Ateneo de Madrid Depósito folletos 17/01/2008   T-859-F-1 1171416 23/02/2023 23/02/2023 Folleto